000 00339nam a22001217a 4500
999 _c13687
_d13687
082 _a891.4391
_bج ا ز
100 _aجازب قریشی
245 _aتخلیقی آواز
260 _aکراچی
_bمکتبہ کامران
300 _a١٠٢٤ صفحات
650 _aUrdu Literature
_aJazib Qureshi
_aTakhleeqi Awaz
942 _cBK